000 00722nas a2200241 4500
001 BR7305917
003 BR-BrBNA
005 20231205082545.0
007 ta
008 230509b bl.|||p| |||| 00| 00por d
040 _aBR-BrBNA
_bpor
_cBiblioteca Nacional de Agricultura
041 _a(Pt)
072 _aF50; F05
100 1 _aCarvalho, L.d'A.F. de
245 1 _aConsideracoes sobre a vascularizacao foliar de Hypoxis decumbens L. - Hypoxidaceae
650 _aMORFOLOGIA VEGETAL
650 _aFOLHA
650 _aNERVURA
650 _aBOTANICA
773 0 _tRodriguesia (Brazil)
_xISSN 0370-6583
_g(Sep 1976), v. 28 (40) p. 274-281
_wBR7305917
909 _a202311
_bLúcia
_c55
_dLúcia Elande
942 _2AGRIS
_n0
_cANA
999 _c92771
_d92771